00334pab a2200133 454500008004000000100002000040245004400060260000900104300001300113362000800126650002200134650002700156773001700183180718b2015 xxu||||| |||| 00| 0 eng d aShukla, Praveen aMicro-finance for rural transformation  c2015 ap.21-24. aDec aRural development aFinancial institutions aKurukshetra